I'm Feeling Curious Quiz - Statistics

General Stats
  • This quiz has been taken 8,273 times
  • The average score is 4 of 15
Answer Stats
Hint Answer % Correct
Barack Obama held which government role? President of the United States
79%
Does freezing kill bacteria? No
67%
Do ostriches bury their heads in the sand? No
58%
Are packing pellets edible? Yes
57%
What is the hardest bone in the human body? Femur
49%
Which word in the English language has the most definitions? Set
40%
What animal is Bambi's friend Flower? Skunk
23%
Who is the only president to serve more than two terms? Franklin Delano Roosevelt
22%
Which state has the most volcanoes in the US? Alaska
19%
What is the name of a sentence containing the entire alphabet? Pangram
6%
Which river rises in the Black Forest and flows into the Black Sea? The Danube
6%
When did Tom Brokaw retire? 2004
5%
What is the aurora borealis of the South Pole called? Aurora australis
5%
How tall is the tallest pyramid? 137.5 meters
4%
When did Italy become a state? 1861
4%
No matching quizzes found
Score Distribution
Percent of People with Each Score
Percentile by Number Answered
Your Score History
You have not taken this quiz